Makeup Brand By Best Known Product - Statistics

General Stats
  • This quiz has been taken 975 times
  • The average score is 7 of 15
Answer Stats
Makeup Product Makeup Brand % Correct
Better Than Sex Mascara Too Faced
81%
Hoola Bronzer Benefit
80%
Naked 1/2/3 Palette Urban Decay
70%
Lash Paradise Mascara L'oreal
63%
Ruby Woo Lipstick MAC
59%
Amazonian Clay Blushes Tarte
51%
Double-Wear Foundation Estee Lauder
47%
Modern Renaissance Palette Anastasia Beverly Hills
43%
Photo Finish Foundation Primer Smashbox
41%
Champagne Pop Highlighter Becca
38%
Your Skin but Better CC Cream it Cosmetics
37%
Audacious Lipsticks NARS
36%
Luminoso Blush Milani
22%
Kitten Eyeshadow Stila
16%
Rodeo Drive Highlighter OFRA Cosmetics
9%
No matching quizzes found
Score Distribution
Percent of People with Each Score
Percentile by Number Answered
Your Score History
You have not taken this quiz